Les aspects d'un federalism financier (Record no. 55179)

MARC details
000 -LEADER
campo de control de longitud fija 00531nam a2200169 i 4500
001 - NÚMERO DE CONTROL
campo de control 55179
003 - IDENTIFICADOR DE NÚMERO DE CONTROL
campo de control ES-MaACL
005 - FECHA Y HORA DE LA ÚLTIMA TRANSACCIÓN
campo de control 20230906163109.0
007 - CAMPO FIJO DE DESCRIPCIÓN FÍSICA--INFORMACIÓN GENERAL
campo de control de longitud fija t|
008 - DATOS DE LONGITUD FIJA--INFORMACIÓN GENERAL
campo de control de longitud fija 030915s1933 fr ||||1| fre d
100 1# - ENTRADA PRINCIPAL--NOMBRE DE PERSONA
Nombre de persona Delpech, Henry.
9 (RLIN) 43580
245 14 - MENCIÓN DEL TÍTULO
Título Les aspects d'un federalism financier
Resto del título : l'exemple allemand /
Mención de responsabilidad, etc. Henry Delpech ; preface d'Henry Laufenburger.
260 ## - PUBLICACIÓN, DISTRIBUCIÓN, ETC.
Lugar de publicación, distribución, etc. Paris :
Nombre del editor, distribuidor, etc. Recueil Sirey,
Fecha de publicación, distribución, etc. 1933 (
Fabricante Bière)
300 ## - DESCRIPCIÓN FÍSICA
Extensión XI, 503 p. ;
Dimensiones 25 cm.
700 1# - ENTRADA AGREGADA--NOMBRE PERSONAL
Nombre de persona Laufenburger, Henry.
9 (RLIN) 70591
852 ## - LOCALIZACIÓN
Ubicación ES-MaACL
Número de control de estantería A-2183
Holdings
Estatus retirado Estado de pérdida Estado de daño No para préstamo Biblioteca de origen Biblioteca actual Ubicación en estantería Fecha de adquisición Fuente de adquisición Total de préstamos Signatura topográfica completa Código de barras Visto por última vez Precio de reemplazo Tipo de ítem Koha
        Biblioteca del Ateneo de Madrid Biblioteca del Ateneo de Madrid Sala Pecera Planta 1 17/01/2008     A-2183 1057979 23/02/2023 23/02/2023 Libro impreso